000 00437nam a2200181Ia 4500
008 210210b1948 xxu||||| |||| 00| 0 eng d
041 _aeng
082 _a822/324
100 _aCORBETT (J)
245 _aMan-eaters leopard of rudraprayag
260 _aLondon
_bOxford University Press
_c1948
650 _arudraprayag
650 _aof
650 _aMan-eaters
650 _aleopard
690 _aEnglish Prose
906 _a012510
999 _c131316
_d131316